Les resultats du Psg en ldc en 2018-2019 - Statistiques

Statistiques générales
  • Ce quiz a été pris 138 fois
  • Le résultat moyen est 7 sur 8
Statistiques - réponses
Hint Réponse % Correct
Psg - Manchester United 1-3
95%
Psg - Liverpool 2-1
94%
Liverpool - Psg 3-2
94%
Manchester United - Psg 0-2
93%
Psg - Etoile rouge de Belgrade 6-1
89%
Naples - Psg 1-1
88%
Psg - Naples 2-2
88%
Etoile rouge de Belgrade - Psg 1-4
80%
Aucun quiz correspondant
Distribution des résultats
% des personnes avec chaque résultat
Percentile par nombre de réponses
Votre historique - résultats
Vous n’avez pas pris ce quiz